Revista Universidad EAFIT. (Registro nro. 20330)

Detalles MARC
000 -CABECERA
Campo de control 00665cas a2200217 a 4500
005 - FECHA Y HORA DE LA ULTIMA TRANSACCION
Campo de control 20181008110226.0
008 - ELEMENTOS DE LONGITUD FIJA—INFORMACION GENERAL
Campo de control 000126c19650000ck tr p r 0 0b0spa d
040 ## - FUENTE DE CATALOGACIÓN
Agencia catalogadora original ie
Agencia transcriptora ie
Agencia Modificadora CO-BoIAVH
041 0# - IDIOMA
Código de idioma para texto/pista de sonido o título separado Español
044 ## - PAÍS DE PUBLICACIÓN
País de publicación Colombia
090 ## - CLASIFICACIÓN LOCAL
Colección SE
245 00 - MENCION DE TITULO
Título Revista Universidad EAFIT.
260 ## - PUBLICACION, DISTRIBUCION, ETC. (PIE DE IMPRENTA)
Lugar de publicación, distribución, etc. Medellín (Colombia) :
Nombre del editor, distribuidor, etc. Universidad EAFIT,
Fecha de publicación, distribución, etc. 1965- .
300 ## - DESCRIPCION FISICA
Otros detalles físicos ilustraciones y tablas ;
310 ## - FRECUENCIA ACTUAL DE LA PUBLICACIÓN
Frecuencia actual de la publicación Semestral
650 26 - ASIENTO SECUNDARIO DE MATERIA - TERMINO TEMATICO
Término temático o nombre geográfico como elemento de entrada Economía
9 (RLIN) 86459
Subdivisión de forma Publicaciones periódicas
650 26 - ASIENTO SECUNDARIO DE MATERIA - TERMINO TEMATICO
Término temático o nombre geográfico como elemento de entrada Ciencia
9 (RLIN) 80846
Subdivisión de forma Publicaciones periódicas
650 26 - ASIENTO SECUNDARIO DE MATERIA - TERMINO TEMATICO
Término temático o nombre geográfico como elemento de entrada Medio ambiente
9 (RLIN) 82139
Subdivisión de forma Publicaciones periódicas
Subdivisión geográfica Colombia
710 2# - ASIENTO SECUNDARIO - NOMBRE CORPORATIVO
Nombre corporativo o de jurisdicción como elemento de entrada Universidad EAFIT
9 (RLIN) 55920
942 ## - ELEMENTOS ADICIONALES (KOHA)
Sistema de clasificación Local
Tipo de ítem Periodica o revista
Existencias
Withdrawn status Lost status Sistema de Clasificación Damaged status No para préstamo Colección Fecha publicación (Año) Volumen revista Número revista Ubicación Permanente Ubicación actual Fecha de adquisición Datos de publicación Seriada Total Checkouts Número topográfico Inventario / Código de Barras Date last seen Ejemplar Price effective from Forma de adquisición Tipo de material
    Local     Hemeroteca 2018 53 172 Bogotá Bogotá 08/10/2018 Vol 53, Nro 172 (01/06/2018)   SE 030346 08/10/2018 Ej. 1 08/10/2018 Donación Periodica o revista